000 00688nam a2200289Ia 4500
005 20260324150837.0
008 008 260324s9999 xx 000 0 eng d
020 _a9781315267906
037 _aEBOOK
040 _aCRL
040 _beng
040 _cCRL
041 _2eng
041 _aeng
084 _qCRL
100 _aH. M. Vernon
_91227816
245 4 _aThe Shorter Working Week
245 0 _bWith Special Reference to the Two-Shift System
260 _bTaylor and Francis
260 _c1934
365 _a
365 _b180
856 _uhttp://www.taylorfrancis.com/books/9781315267906
942 _cEBOOK
999 _c1837974
_d1837974